The Art of Adimoolam : (Record no. 583019)

MARC details
000 -LEADER
fixed length control field 00490nam a2200193 a 4500
008 - FIXED-LENGTH DATA ELEMENTS--GENERAL INFORMATION
fixed length control field 250819s2005##################000#0#eng##
020 ## - INTERNATIONAL STANDARD BOOK NUMBER
ISBN 9781890206826
082 04 - DEWEY DECIMAL CLASSIFICATION NUMBER
Classification number 741.092
Item number GAY
100 1# - MAIN ENTRY--AUTHOR NAME
Personal name Sinha, Gayatri,
245 10 - TITLE STATEMENT
Title The Art of Adimoolam :
260 ## - PUBLICATION, DISTRIBUTION, ETC. (IMPRINT)
Name of publisher Mapin Publishing Pvt,
Year of publication 2005.
300 ## - PHYSICAL DESCRIPTION
Number of Pages 106 pages
650 #0 - SUBJECT ADDED ENTRY--TOPICAL TERM
Topical Term Art.
942 ## - ADDED ENTRY ELEMENTS (KOHA)
Koha item type English Books
Holdings
Withdrawn status Lost status Damaged status Not for loan Home library Current library Date acquired Full call number Accession Number Price effective from Koha item type
        Anna Centenary Library Anna Centenary Library 19.08.2025 741.092 GAY 533334 19.08.2025 English Books

Find us on the map